00314nam a2200109Ia 4500008004100000041000800041100001300049245006500062260003300127300000800160700003600168250110s9999 xx 000 0 und d aeng aBarve A. aLandscape Redevelopment Of M T D C Resort : At Mahabaleshwar bM Arch Landscape, Punec2009 a90p aGuide Name:Sahastrabuddhe Swati